Nazionali con più vittorie ai Mondiali - Statistics

Statistiche generali
  • Questo quiz è stato fatto 26 volte
  • Il punteggio medio è 12 su 15
Statistiche sulle risposte
Vittorie Nazionale % Corretto
47 Argentina
100%
76 Brasile
100%
68 Germania
100%
45 Italia
100%
31 Spagna
100%
39 Francia
96%
32 Inghilterra
92%
25 Uruguay
92%
17 Portogallo
88%
17 Messico
72%
30 Paesi Bassi
72%
17 Polonia
64%
21 Belgio
60%
19 Svezia
60%
15 Unione Sovietica
20%
Nessun quiz corrispondente trovato
Distribuzione punteggi
Percentuale di utenti per punteggio
Percentile per numero di risposta
I tuoi punteggi nel tempo
Non hai fatto questo quiz